000 01332nam a2200349 a 4500
001 000111639
003 CHAP
005 20220329144223.0
008 150623s2015 mx sm |||||||spa d
010 _a108100
011 _a109072
040 _cCHAP
090 _aTesis
100 1 _aCalderón García, Joel Osvaldo
_9129563
245 1 0 _aImpactos del cambio climático en el rendimiento potencial de cebada (Hordeum vulgare) en el Municipio de Calpulalpan, Tlaxcala
_h[En línea]
_cpor Joel Osvaldo Calderón García.
260 _aChapingo, Méx. :
_bEl autor,
_c2015.
500 _aPara ver el contenido del material haga clic en la liga
502 _aTesis (Ing. en Recursos Naturales Renovables) -- UACH. Departamento de Suelos
590 _aBATCH
_b00
_c20181121
_lUCH01
_h0759
590 _aE5765TAJ
_b05
_c20150623
_lUCH01
_h1124
590 _aE5765TAJ
_b05
_c20150623
_lUCH01
_h1125
650 1 4 _aCebada
_xAspectos económicos
_zTlaxcala.
_920659
650 1 4 _aCebada
_xCostos de producción.
_920668
650 1 4 _aCebada
_xEfecto del medio ambiente.
_920673
650 1 4 _aCebada
_xRendimiento.
_920707
650 1 4 _aCebada
_xSistemas de información.
_920709
856 _a1
_n0001126
856 _aFinding aid
_uhttp://10.13.5.2/tesis/sist111639.pdf
_zTeclea aquí
901 _aBK
942 _cTESIS
942 _n0
999 _c108100
_d108100